| 000 -LEADER |
| fixed length control field |
00711 a2200217 4500 |
| 008 - FIXED-LENGTH DATA ELEMENTS--GENERAL INFORMATION |
| fixed length control field |
230621b ||||| |||| 00| 0 eng d |
| 020 ## - INTERNATIONAL STANDARD BOOK NUMBER |
| International Standard Book Number |
9789354640285 |
| Terms of availability |
Rs849.00 |
| 041 0# - LANGUAGE CODE |
| Language code of text/sound track or separate title |
eng |
| 082 00 - DEWEY DECIMAL CLASSIFICATION NUMBER |
| Classification number |
338.5 |
| Item number |
S1938 |
| 100 ## - MAIN ENTRY--PERSONAL NAME |
| 9 (RLIN) |
5495 |
| Personal name |
Samuelson, William F. |
| 245 ## - TITLE STATEMENT |
| Title |
Managerial Economics / |
| 250 ## - EDITION STATEMENT |
| Edition statement |
9th ed. |
| 260 ## - PUBLICATION, DISTRIBUTION, ETC. (IMPRINT) |
| Place of publication, distribution, etc |
New Delhi: |
| Name of publisher, distributor, etc |
Wiley india pvt. ltd., |
| Date of publication, distribution, etc |
2022. |
| 300 ## - PHYSICAL DESCRIPTION |
| Extent |
xxiv, 528 p. : |
| Other physical details |
ill. ; |
| Dimensions |
26 cm |
| 500 ## - GENERAL NOTE |
| General note |
An indian adaption |
| 650 #0 - SUBJECT ADDED ENTRY--TOPICAL TERM |
| Topical term or geographic name as entry element |
Managerial Economics |
| 700 ## - ADDED ENTRY--PERSONAL NAME |
| 9 (RLIN) |
5496 |
| Personal name |
Marks, Stephen G. |
|
| 9 (RLIN) |
5497 |
| Personal name |
Zagorsky, Jay L. |
|
| 9 (RLIN) |
5498 |
| Personal name |
Kar, Sujata |
| Relator term |
adaptor |
| 942 ## - ADDED ENTRY ELEMENTS (KOHA) |
| Source of classification or shelving scheme |
|
| Item type |
Books |